Lyrics raten #41 - Statistics

General Stats
  • This quiz has been taken 9 times
    8 since last reset
  • The average score is 176 of 481
Answer Stats
Answer % Correct
I
100%
an
83%
du
83%
Du
83%
ich
83%
Ich
83%
da
67%
das
67%
dass
67%
den
67%
dich
67%
dich,
67%
die
67%
Die
67%
Liebe
67%
me
67%
mein
67%
so
67%
to
67%
was
67%
will
67%
Baby,
50%
bin
50%
bin,
50%
bist?
50%
bist
50%
but
50%
dem
50%
der
50%
es
50%
Es
50%
hab
50%
I’m
50%
ist
50%
It
50%
it
50%
meinen
50%
mich
50%
mir
50%
mir,
50%
my
50%
nicht
50%
nicht,
50%
nie
50%
the
50%
und
50%
Und
50%
wenn
50%
wie
50%
you
50%
alle
33%
alles,
33%
auf
33%
can
33%
can’t
33%
dein
33%
deine
33%
denk,
33%
denn
33%
Denn
33%
diese
33%
dir
33%
ein
33%
go
33%
go,
33%
heart
33%
hier
33%
immer
33%
in
33%
kann
33%
Kann
33%
Kopf
33%
Leben
33%
leid,
33%
los?
33%
Mal,
33%
mal
33%
mehr
33%
mit
33%
that
33%
think
33%
this
33%
tut
33%
viel
33%
vor
33%
war
33%
Weil
33%
weil
33%
wer
33%
What
33%
zu
33%
ab,
17%
anderen
17%
Angst
17%
ansieht,
17%
auch
17%
bereu
17%
bereust
17%
C-Klasse
17%
deinem
17%
denkst
17%
dieses
17%
Doch
17%
doch
17%
dran
17%
drück
17%
ehrlich
17%
Eigentlich
17%
erstes
17%
essen
17%
feels
17%
fehlst
17%
fickst
17%
fickt
17%
Fresse,
17%
gehen
17%
get
17%
gewesen
17%
Gott
17%
grad
17%
halt
17%
Halt
17%
hart
17%
hast
17%
hoffe,
17%
irgend
17%
Jetzt
17%
just
17%
kam
17%
keine
17%
komm
17%
krank,
17%
lassen
17%
lassen,
17%
let
17%
lieben
17%
living
17%
Mädchen,
17%
Mädchen
17%
makes
17%
man
17%
manchmal
17%
muss
17%
nach,
17%
nach
17%
nein,
17%
nen
17%
Neuer
17%
neues
17%
nur
17%
ohne
17%
Papier
17%
Pistole
17%
play,
17%
play
17%
Regen
17%
sahst
17%
scheiss
17%
Schlägen
17%
Schlampe
17%
schon
17%
sollst
17%
Sonne
17%
Sterne
17%
struggles,
17%
Stück
17%
Teufel
17%
through
17%
Träne
17%
treu
17%
trouble,
17%
uns
17%
vergessen
17%
verliebt
17%
vermisse
17%
verrückt
17%
verspreche
17%
von
17%
wait
17%
wait,
17%
wait?
17%
warst
17%
wein
17%
werd
17%
werde
17%
wieder
17%
wissen,
17%
wollte
17%
Aber
0%
aggressiv,
0%
Ausgang
0%
Bann
0%
besser,
0%
bringe
0%
drücke
0%
echt,
0%
egal,
0%
erreichen?
0%
fertig
0%
fest,
0%
gefickt
0%
Geht
0%
geliebt,
0%
geschieht
0%
Gittern
0%
Hättest
0%
hättest
0%
Herz
0%
heute
0%
Knarre
0%
noch
0%
Nutte,
0%
raus
0%
schlafen
0%
Schloss
0%
sitz
0%
Sitze
0%
Stirn,
0%
tue
0%
um,
0%
umgeben
0%
verbindet,
0%
verzweifel?
0%
wolltest
0%
Wut
0%
zurück
0%
No matching quizzes found
Score Distribution
Percent of People with Each Score
Percentile by Number Answered
Your Score History
You have not taken this quiz since the last reset